Ψυχές πίσω απο τις μάσκες
Saved in:
| Main Author: | |
|---|---|
| Format: | Book |
| Language: | Greek |
| Published: |
Interbooks,
|
| Tags: |
Add Tag
No Tags, Be the first to tag this record!
|
MARC
| LEADER | 00000cam a2200000 i 4500 | ||
|---|---|---|---|
| 001 | 1/47184 | ||
| 008 | 941103s gre d | ||
| 035 | |l 10042995 | ||
| 040 | |a GR-MY-UA |b gre |e aacr | ||
| 041 | 0 | |a gre | |
| 100 | 1 | |a Μποντούα, Σέλλα. | |
| 245 | 1 | 0 | |a Ψυχές πίσω απο τις μάσκες / |c Σέλλα Μποντούα |
| 260 | |b Interbooks, | ||
| 852 | |a INST |b SAMOS |e 19941103 |h 889.3 ΜΠΟ |p 005300000366 |q 005300000366 |t BK |y 12 | ||
| 909 | |a Σ |b 017266 | ||